Ética y teología ante la crisis contemporánea / (Record n. 1522)

Dettagli MARC
000 -LEADER
fixed length control field 01275nam a2200313 i 4500
003 - CONTROL NUMBER IDENTIFIER
control field IT-RoINE
005 - DATE AND TIME OF LATEST TRANSACTION
control field 20201113111718.0
008 - FIXED-LENGTH DATA ELEMENTS--GENERAL INFORMATION
fixed length control field 030130s1980 sp |||| r |101|0 spa d
020 ## - INTERNATIONAL STANDARD BOOK NUMBER
International Standard Book Number 8431306483
040 ## - CATALOGING SOURCE
Original cataloging agency UPSA
Transcribing agency IT-RoINE
111 2# - MAIN ENTRY--MEETING NAME
9 (RLIN) 2937
Meeting name or jurisdiction name as entry element Simposio internacional de teología
Number of part/section/meeting (1º.
Date of meeting 1979.
Location of meeting Pamplona, España)
245 10 - TITLE STATEMENT
Title Ética y teología ante la crisis contemporánea /
Statement of responsibility, etc I Simposio Internacional de Teologia ; edicion preparada por la Comision Cientifica del Simposio, J- L. Illanes (director), P. G. Alves de Sousa, T. Lopez, A. Sarmiento.
260 ## - PUBLICATION, DISTRIBUTION, ETC. (IMPRINT)
Place of publication, distribution, etc Pamplona :
Name of publisher, distributor, etc EUNSA,
Date of publication, distribution, etc 1980.
300 ## - PHYSICAL DESCRIPTION
Extent 661 p. ;
Dimensions 24 cm.
336 ## - CONTENT TYPE
Source rdacontent
Content type term text
337 ## - MEDIA TYPE
Source rdamedia
Media type term unmediated
338 ## - CARRIER TYPE
Source rdacarrier
Carrier type term volume
490 10 - SERIES STATEMENT
Series statement Colección teológica ;
Volume number/sequential designation 25
500 ## - GENERAL NOTE
General note Incluye índice.
504 ## - BIBLIOGRAPHY, ETC. NOTE
Bibliography, etc Incluye bibliografía.
650 04 - SUBJECT ADDED ENTRY--TOPICAL TERM
9 (RLIN) 2938
Topical term or geographic name as entry element Ética social
Form subdivision Congresos
700 1# - ADDED ENTRY--PERSONAL NAME
Personal name Sousa, Pio Gonçalo Alves de
9 (RLIN) 2939
700 1# - ADDED ENTRY--PERSONAL NAME
Personal name López, Teodoro,
Dates associated with a name 1940-
9 (RLIN) 2940
700 1# - ADDED ENTRY--PERSONAL NAME
Personal name Sarmiento, Augusto,
9 (RLIN) 2934
Dates associated with a name 1941-
700 1# - ADDED ENTRY--PERSONAL NAME
Personal name Illanes Maestre, José Luis,
Dates associated with a name 1933-
9 (RLIN) 2941
710 2# - ADDED ENTRY--CORPORATE NAME
9 (RLIN) 2942
Corporate name or jurisdiction name as entry element Universidad de Navarra (Pamplona, España).
Subordinate unit Facultad de Teología
830 #0 - SERIES ADDED ENTRY--UNIFORM TITLE
9 (RLIN) 2208
Uniform title Colección teológica (Universidad de Navarra) ;
Volume number/sequential designation 25
942 ## - ADDED ENTRY ELEMENTS (KOHA)
Item type Monografías
Dati di copia
Withdrawn status Lost status Damaged status Not for loan Home library Current library Date acquired Total Checkouts Full call number Barcode Date last seen Price effective from Koha item type
        Iglesia Nacional Española en Roma Iglesia Nacional Española en Roma 14/01/2014   TEO 283 1750 14/01/2014 14/01/2014 Monografías